00480nam a22001457a 4500082003200000100001400032245003600046260007200082300002400154526003700178526003700215526003700252526003700289650000800326 a940.547554bOFFcL-30, P-40 aRain, B.L aMedicine, surgery and pathology aIndia & PakistanbCombined inter-services historical section.c1955 axliii, 906 p.bill. a0b0c0d940_547554000000000_OFF a0b0c0d940_547554000000000_OFF a0b0c0d940_547554000000000_OFF a0b0c0d940_547554000000000_OFF aMCE